Speaker of the House, British Prime Minister, or Hobbit Quiz Stats

Quiz not verified by Sporcle

Also try: Slick Celebs
Challenge
Share
Tweet
Embed
Score 0/35 Timer 03:00
0 Plays Today
Name Speaker, Prime Minister, or Hobbit % Correct
Bilbo Baggins???
86.5%
Margaret Thatcher???
83.8%
Samwise Gamgee???
81.1%
Otho Sackville-Baggins???
77%
David Cameron???
74.3%
Winston Churchill???
74.3%
John Major???
70.3%
David Lloyd George???
66.2%
Folco Boffin???
64.9%
Harold Wilson???
64.9%
Benjamin Disraeli???
64.9%
Nancy Pelosi???
62.2%
Newt Gingrich???
60.8%
Stanley Baldwin???
59.5%
Robert Walpole???
59.5%
Will Whitfoot???
55.4%
Henry Thomas Rainey ???
54.1%
Frederick Muhlenberg???
52.7%
Name Speaker, Prime Minister, or Hobbit % Correct
Robert Mercer Taliaferro Hunter???
48.6%
Tolman Cotton???
47.3%
Charles Frederick Crisp???
47.3%
Langdon Cheves???
45.9%
Rose Gardner???
44.6%
Andrew Bonar Law???
44.6%
Joseph Wellington Byrns???
44.6%
Thomas Brackett Reed???
43.2%
Nicholas Longworth???
43.2%
Robert Charles Winthrop???
41.9%
Charles Grey???
39.2%
Frederick North???
37.8%
Philip Pendleton Barbour???
35.1%
William Pennington???
35.1%
Ted Sandyman???
33.8%
Carl Cotton???
29.7%
Spencer Compton???
20.3%

You're not logged in!

Compare scores with friends on all Sporcle quizzes.
Join for Free
OR
Log In

You Might Also Like...

Show Comments

Extras

Top Quizzes Today


Score Distribution

Your Account Isn't Verified!

In order to create a playlist on Sporcle, you need to verify the email address you used during registration. Go to your Sporcle Settings to finish the process.

Report this User

Report this user for behavior that violates our Community Guidelines.

Details: